|
|
|
|
| LEADER |
008240000a22002290004500 |
| 020 |
|
|
|a 978-1-4128-1498-0
|
| 082 |
|
|
|a 355.009 04 Q1
|
| 100 |
|
|
|a Archer, Christon; Editor
|
| 100 |
|
|
|a Travers, Timothy; Editor
|
| 245 |
|
|
|a Men at war: poliltics, technology and innovation in the twentieth century
|
| 250 |
|
|
|
| 260 |
|
|
|a New Jersey, Transaction Publishers
|
| 260 |
|
|
|c 2011
|
| 460 |
|
|
|a 228p
|
| 465 |
|
|
|a USD 24.95
|
| 500 |
|
|
|a ed by Timothy Travers and Christon Archer
|
| 500 |
|
|
|a Includes bibliographical references
|
| 650 |
|
|
|a Military art and science-History-20th century
|
| 650 |
|
|
|a Military history, Modern-20th century
|
| 942 |
|
|
|c BK
|
| 999 |
|
|
|c 47308
|d 47308
|
| 952 |
|
|
|0 0
|1 0
|4 0
|6 355_009000000000000_04_Q1
|7 0
|8 ENG
|9 48040
|a MGUL
|b MGUL
|d 2013-07-16
|e USD 24.95
|l 0
|o 355.009 04 Q1
|p 45579
|r 2013-07-16
|w 2013-07-16
|y BK
|